Lengua española : (Registro nro. 8245)
[ vista simple ]
| 000 -LEADER | |
|---|---|
| fixed length control field | 00777nam a2200241 a 4500 |
| 001 - CONTROL NUMBER | |
| control field | 00015156 |
| 003 - CONTROL NUMBER IDENTIFIER | |
| control field | DO-SdBNP |
| 005 - DATE AND TIME OF LATEST TRANSACTION | |
| control field | 20150909105932.0 |
| 007 - PHYSICAL DESCRIPTION FIXED FIELD--GENERAL INFORMATION | |
| fixed length control field | 00015156 |
| 008 - FIXED-LENGTH DATA ELEMENTS--GENERAL INFORMATION | |
| fixed length control field | 150818s2001 000 spa d |
| 020 ## - INTERNATIONAL STANDARD BOOK NUMBER | |
| International Standard Book Number | 842162122X |
| 040 ## - CATALOGING SOURCE | |
| Original cataloging agency | BPMSU |
| Language of cataloging | spa |
| Transcribing agency | BPMSU |
| 245 #0 - TITLE STATEMENT | |
| Title | Lengua española : |
| Remainder of title | nivel básico / |
| Statement of responsibility, etc. | colaboradora María C. Liriano Brito |
| 260 ## - PUBLICATION, DISTRIBUTION, ETC. (IMPRINT) | |
| Place of publication, distribution, etc. | Santo Domingo : |
| Name of publisher, distributor, etc. | Susaeta |
| Date of publication, distribution, etc. | 2001. |
| 300 ## - PHYSICAL DESCRIPTION | |
| Extent | v. : |
| Other physical details | il. ; |
| Dimensions | 30 cm. |
| 490 ## - SERIES STATEMENT | |
| Series statement | Proyecto dominicano |
| -- | todo libro |
| 700 ## - ADDED ENTRY--PERSONAL NAME | |
| Relator code | Liriano Brito, María C. |
| Relator term | col. |
| 830 ## - SERIES ADDED ENTRY--UNIFORM TITLE | |
| Name of part/section of a work | Proyecto dominicano (República Dominicana ) |
| 930 #1 - EQUIVALENCE OR CROSS-REFERENCE-UNIFORM TITLE HEADING [LOCAL, CANADA] | |
| Language of a work | BND01 |
| Medium of performance for music | LF1 |
| Field link and sequence number | 20150818 |
| Date of a work | 01 |
| Name of part/section of a work | OI |
| Miscellaneous information | 50156 |
| 942 ## - ADDED ENTRY ELEMENTS (KOHA) | |
| Source of classification or shelving scheme | Dewey Decimal Classification |
| Koha item type | Libros |
| 956 ## - LOCAL ELECTRONIC LOCATION AND ACCESS (OCLC) | |
| Host name | DGARCIA |
| Access number | 10 |
| Compression information | 20150818 |
| Logon | BND01 |
| Processor of request | 1007 |
| 956 ## - LOCAL ELECTRONIC LOCATION AND ACCESS (OCLC) | |
| Host name | VMATEO |
| Access number | 10 |
| Compression information | 20150909 |
| Logon | BPMSU |
| Processor of request | 000151 |
| Withdrawn status | Lost status | Source of classification or shelving scheme | Damaged status | Not for loan | Collection code | Home library | Current library | Date acquired | Total Checkouts | Barcode | Date last seen | Copy number | Price effective from | Koha item type |
|---|---|---|---|---|---|---|---|---|---|---|---|---|---|---|
| Dewey Decimal Classification | Colección Dominicana | Biblioteca Pública Metropolitana Salomé Ureña | Biblioteca Pública Metropolitana Salomé Ureña | 09/09/2015 | BPMSU15090007 | 09/09/2015 | v. 5 | 09/09/2015 | Libros | |||||
| Dewey Decimal Classification | Colección Dominicana | Biblioteca Pública Metropolitana Salomé Ureña | Biblioteca Pública Metropolitana Salomé Ureña | 09/09/2015 | BPMSU15090008 | 09/09/2015 | v. 5, e. 2 | 09/09/2015 | Libros |